000
00328nam a22001457a 4500
008
221005b ||||| |||| 00| 0 eng d
020
_a
3007914100
041
_a
eng
080
_2
second edition
_a
610.73
082
_a
610.73 WAI
100
_a
6
101
_a
INF
245
_a
Evaluation of liver function
942
_2
udc
_c
BK
999
_c
58341
_d
58341